000 01245nam0a22002531 4500
001 rc\3825024
005 20260407135102.0
021 _aRU
_bРг16265-76
035 _a(NLR Aleph) 007272834
090 _a5427733
_c5427733
100 _a20120410d1976 |||y0rusy50 ca
101 0 _arus
102 _aRU
_aRU
105 _aa z |||||
200 1 _aРуководство по технологии и организации строительства участка газопровода Ивацевичи - Долина в условиях обводненной и заболоченной местности
_eР 243-76
_fМ-во стр-ва предприятий нефт. и газовой пром-сти. ВНИИ по стр-ву магистр. трубопроводов (ВНИИСТ). Произв. объединение "Укргазстрой"
210 _aМосква
_cБ. и.
_d1976
215 _a40 с.
_cил.
_d20
320 _aБиблиогр.: с. 39
712 0 2 _aВНИИ по строительству магистральных трубопроводов
_3RU\NLR\AUTH\8810003598
_9504477
801 0 _aRU
_bNLR
_gpsbo
801 1 _aRU
_bELAR
_2rusmarc
852 _aNLR
_jПт 80/260-243-76
942 _cBOOK
980 _aNB